[Event "FSGM August"]
[Site "Budapest HUN"]
[Date "2003.08.05"]
[Round "4"]
[White "Bezold,M"]
[Black "Richter,Mic"]
[Result "1-0"]
[WhiteElo "2462"]
[BlackElo "2428"]

1.e4 c5 2.Nf3 Nc6 3.Bb5 Qc7 4.O-O a6 5.Bxc6 dxc6 6.a4 a5 7.d4 cxd4 8.Qxd4 Bg4
9.Nbd2 Rd8 10.Qe5 Qxe5 11.Nxe5 Be6 12.Nec4 Ra8 13.b3 Nf6 14.Bb2 Nd7 15.f4 f6
16.f5 Bf7 17.e5 fxe5 18.Rae1 Kd8 19.Bc3 e6 20.Ne4 Bg8 21.Bxa5+ b6 22.Nxb6 Nxb6
23.Bxb6+ Kc8 24.Bc5 Kb7 25.Bxf8 Rxf8 26.f6 gxf6 27.Nxf6 Bf7 28.Rxe5 Kc7 29.Rf2 Rd8
30.h3 Rd1+ 31.Kh2 Kd6 32.Ree2 Ke7 33.Ne4 Bh5 34.Rd2 Rd8 35.Rxd8 Rxd8 36.Kg3 Bg6
37.Re2 Rg8 38.Kf4 Rf8+ 39.Ke3 e5 40.Nc5 Kd6 41.b4 Kd5 42.Nd7 Rf4 43.Rd2+ Ke6
44.Nc5+ Ke7 45.Rd7+ Kf6 46.c3 Rc4 47.Kd2 e4 48.a5 Ke5 49.Re7+ Kf6 50.a6  1-0

[Event "US Open"]
[Site "Los Angeles USA"]
[Date "2003.08.05"]
[Round "3"]
[White "Ganbold,O"]
[Black "Milisits,R"]
[Result "1-0"]
[WhiteElo "2417"]
[BlackElo "2215"]

1.e4 c5 2.Nf3 Nc6 3.Bb5 e6 4.Bxc6 bxc6 5.O-O Ne7 6.b3 Ng6 7.Bb2 f6 8.d4 cxd4
9.Nxd4 c5 10.Nb5 d6 11.f4 a6 12.N5c3 Qc7 13.f5 Ne5 14.fxe6 Bxe6 15.Nd5 Bxd5
16.Qxd5 Rd8 17.c4 Qf7 18.Nc3 Be7 19.Rad1 O-O 20.Qxf7+ Nxf7 21.Nd5 Rd7 22.Rd3 Re8
23.Rg3 Kf8 24.Kf2 Bd8 25.Ke3 a5 26.Bc3 a4 27.bxa4 Ra7 28.a5 Ne5 29.Bxe5 Rxe5
30.Nc3 Bxa5 31.Nb5 Rae7 32.Rg4 h5 33.Rgf4 Kg8 34.Kd3 f5 35.Rxf5 Rxe4 36.R5f3 Be1
37.Na3 Rd4+ 38.Kc2 Bb4 39.Nb5 Rd2+ 40.Kb3 Ree2 41.a3 Rb2+ 42.Ka4 Bd2 43.Nxd6 Re6
44.Rf8+ Kh7 45.Rd8 Bg5 46.Rd7 Rd2 47.Nf7 Rxg2 48.Nxg5+ Rxg5 49.Kb5 Re2 50.h4 Rg4
51.Rf5 Kh6 52.Rd6+ g6 53.Rff6 Rxh4 54.Rxg6+ Kh7 55.Rh6+ Kg7 56.Rdg6+ Kf7
57.Rc6 Rb2+ 58.Kxc5 Rc2 59.Rc7+ Kg8 60.Kb4 Rb2+ 61.Kc3 Ra2 62.Kb3 Rhh2 63.Ra6 Rab2+
64.Kc3 Rb8 65.a4 h4 66.a5 h3 67.Rg6+ Kh8 68.a6 Ra2 69.a7 Ra8 70.Kb3 R2xa7
71.Rh6+ Kg8 72.Rxa7 Rxa7 73.Rxh3 Rb7+ 74.Ka4 Kf8 75.Re3 Rb1 76.Ka5 Rc1 77.Kb5 Rb1+
78.Kc6 Rc1 79.c5 Rc2 80.Kb6 Rb2+ 81.Kc7 Rc2 82.c6 Kf7 83.Kd7 Rd2+ 84.Kc8 Rc2
85.c7 Rc1 86.Rb3 Ke7  1-0

[Event "WYol u16"]
[Site "Denizli TUR"]
[Date "2003.08.06"]
[Round "4"]
[White "Soozankar,A"]
[Black "Kuzubov,Y"]
[Result "0-1"]
[WhiteElo "2111"]
[BlackElo "2400"]

1.e4 c5 2.Nf3 Nc6 3.Bb5 e6 4.O-O Nge7 5.c3 a6 6.Ba4 c4 7.d4 cxd3 8.Qxd3 b5
9.Bc2 Ng6 10.Bg5 Qc7 11.Nbd2 h6 12.Be3 Be7 13.Rad1 O-O 14.Rfe1 d6 15.Nd4 Bb7
16.f4 Nxd4 17.cxd4 Rac8 18.Rc1 Bf6 19.Kh1 Rfd8 20.Rf1 e5 21.fxe5 dxe5 22.d5 Nf4
23.Bxf4 exf4 24.Nf3 Bxb2 25.e5 g6 26.Bb3 Qxc1 27.Rxc1 Rxc1+ 28.Ng1 Bxe5 29.Qe4 Bd6  0-1

[Event "ch-AUT"]
[Site "Hartberg AUT"]
[Date "2003.08.06"]
[Round "11"]
[White "Neubauer,M"]
[Black "Baumegger,S"]
[Result "1/2-1/2"]
[WhiteElo "2417"]
[BlackElo "2375"]

1.e4 c5 2.Nf3 Nc6 3.Bb5 g6 4.O-O Bg7 5.Re1 e5 6.a3 Nge7 7.b4 d6 8.bxc5 dxc5
9.a4 O-O 10.Na3 Nd4 11.Nxd4 cxd4 12.d3 Be6 13.Bc4 Qd7 14.Bxe6 Qxe6 15.Nc4 Nc6
16.Ba3 Rfd8 17.a5 Qd7 18.Qd2 Bf8 19.Reb1 Rac8 20.Rb5 Bxa3 21.Rxa3 Qe7 22.Rab3 Rd7
23.Rb1 f6 24.f4 Re8 25.Rf1 Kg7 26.f5 g5 27.h3 Kh8 28.g3 Rc8 29.Kf2 Nd8 30.Rfb1 Nf7
31.Ke1 Rcc7 32.Qb4 Qxb4+ 33.R5xb4 Kg7 34.Kd2 Kf8 35.R1b3  1/2-1/2

[Event "Stork YM"]
[Site "Hengelo NED"]
[Date "2003.08.06"]
[Round "4"]
[White "Drabke,L"]
[Black "Middelburg,T"]
[Result "1/2-1/2"]
[WhiteElo "2448"]
[BlackElo "2396"]

1.e4 c5 2.Nf3 Nc6 3.Bb5 e6 4.Bxc6 bxc6 5.d3 Ne7 6.Ng5 f6 7.Nh3 g6 8.f4 Bg7
9.O-O O-O 10.Nd2 d6 11.Nc4 e5 12.fxe5 fxe5 13.Rxf8+ Bxf8 14.Qf3 Be6 15.Ng5 Qd7
16.Nxd6 Qxd6 17.Qf6 Qd4+ 18.Kh1 Bc4 19.h3 Bg7 20.Qxe7 Rf8 21.Kh2 h6 22.dxc4 hxg5
23.Qxg5 Qxe4 24.Be3 Bf6 25.Qg3 Bh4 26.Qg4 Qxg4 27.hxg4 Bf2 28.Bxf2 Rxf2 29.Re1 Rxc2
30.b3 Rxa2 31.Rxe5 Ra6 32.Rxc5 Rb6 33.Re5 Rxb3 34.Re6 Kf7 35.Rxc6 Rc3 36.g5 a5
37.Rf6+ Kg7 38.Ra6 Rxc4 39.Ra7+ Kg8 40.Rxa5 Rc3 41.Re5 Rb3 42.g3  1/2-1/2

[Event "Ceska Pojistovna Cup"]
[Site "Olomouc CZE"]
[Date "2003.08.06"]
[Round "8"]
[White "Hasangatin,R"]
[Black "Volodin,V"]
[Result "1-0"]
[WhiteElo "2515"]
[BlackElo "2283"]

1.e4 c5 2.Nf3 Nc6 3.Bb5 g6 4.O-O Bg7 5.c3 Nf6 6.Qa4 O-O 7.d4 cxd4 8.cxd4 Ne8
9.Nc3 Nc7 10.d5 Nxb5 11.Nxb5 Ne5 12.Nxe5 Bxe5 13.Bh6 Re8 14.Rae1 a6 15.d6 Rb8
16.Nc7 b5 17.Qd1 Bxd6 18.Nxe8 Qxe8 19.f4 Qd8 20.Qd4 f6 21.Qd5+ Kh8 22.e5 Bb4
23.exf6 Qb6+ 24.Rf2 e6 25.Qe4  1-0

[Event "HZ Open"]
[Site "Vlissingen NED"]
[Date "2003.08.06"]
[Round "6"]
[White "Vidarsson,J"]
[Black "Serbu,E"]
[Result "1-0"]
[WhiteElo "2351"]
[BlackElo "2084"]

1.e4 c5 2.Nf3 Nc6 3.Bb5 g6 4.Bxc6 dxc6 5.d3 Bg7 6.h3 Qc7 7.Nc3 Nf6 8.Be3 Nd7
9.Qd2 b5 10.Bh6 O-O 11.h4 Ne5 12.Bxg7 Nxf3+ 13.gxf3 Kxg7 14.h5 Rh8 15.hxg6 hxg6
16.Rxh8 Kxh8 17.Qh6+ Kg8 18.O-O-O Qe5 19.Rh1 Bb7 20.f4 Qf6 21.f5 Qg7 22.Qh2 e5
23.fxe6 fxe6 24.e5 c4 25.Ne4 c5 26.Nf6+ Kf8  1-0

[Event "US Open"]
[Site "Los Angeles USA"]
[Date "2003.08.07"]
[Round "5"]
[White "Au,L"]
[Black "Lein,A"]
[Result "1/2-1/2"]
[WhiteElo "2243"]
[BlackElo "2420"]

1.e4 c5 2.Nf3 Nc6 3.Bb5 a6 4.Bxc6 bxc6 5.d3 d6 6.Nbd2 e5 7.Nc4 Be6 8.Nfd2 Nf6
9.O-O Be7 10.Ne3 O-O 11.Ndc4 Qb8 12.b3 d5 13.Nd2 g6 14.Bb2 c4 15.Nf3 c3 16.Bc1 dxe4
17.Ng5 Bd5 18.Nxd5 cxd5 19.dxe4 dxe4 20.Qe1 Qc7 21.Nxe4 Nxe4 22.Qxe4 f5 23.Qe2  1/2-1/2

[Event "World Youth Stars"]
[Site "Kirishi RUS"]
[Date "2003.08.08"]
[Round "6"]
[White "Matlakov,M"]
[Black "Alsina Leal,D"]
[Result "1-0"]
[WhiteElo "2319"]
[BlackElo "2221"]

1.e4 c5 2.Nf3 Nc6 3.Bb5 g6 4.O-O Nf6 5.Re1 Bg7 6.c3 O-O 7.d4 d5 8.e5 Ne4
9.Bxc6 bxc6 10.Nbd2 Nxd2 11.Bxd2 Qb6 12.Bg5 f6 13.exf6 exf6 14.dxc5 Qxb2
15.Be3 Bg4 16.Bd4 Bxf3 17.Qxf3 Rab8 18.h4 Rfe8 19.Qd3 Rxe1+ 20.Rxe1 Qxa2
21.Qe3 Rf8 22.Qe6+ Rf7 23.Qxc6 a5 24.Re8+ Bf8 25.Qe6 Qb1+ 26.Kh2 Qe4 27.c6 a4
28.Qxe4 dxe4 29.Bc5 Rc7 30.Rxf8+ Kg7 31.Ra8 Rxc6 32.Bd4 Rc4 33.Ra7+ Kh6 34.Bxf6 Rc6
35.Bg5+ Kh5 36.Kh3 Rxc3+ 37.g3 h6 38.Rh7  1-0

[Event "WYol u16"]
[Site "Denizli TUR"]
[Date "2003.08.09"]
[Round "9"]
[White "Can,E"]
[Black "Bykhovsky,An ISR"]
[Result "1/2-1/2"]
[WhiteElo "2198"]
[BlackElo "2259"]

1.e4 c5 2.Nf3 Nc6 3.Bb5 d6 4.O-O Bd7 5.Re1 a6 6.Bf1 Bg4 7.c3 Nf6 8.h3 Bxf3
9.Qxf3 g6 10.Qd1 Qb6 11.Na3 Bg7 12.Nc4 Qa7 13.a4 O-O 14.d3 d5 15.exd5 Nxd5
16.Qb3 Rad8 17.Bg5 Rd7 18.Rad1 e6 19.a5 Qb8 20.g3 Qc7 21.Qa3 h6 22.Bc1 Nce7
23.Bg2 Rfd8 24.Qa4 g5 25.Qc2 Bf6 26.Qe2 Bg7 27.Qh5 Nf6 28.Qe2 Nc6 29.f4 Nh7
30.Be4 Re8 31.Kh2 Nxa5 32.Nxa5 Qxa5 33.Bxh7+ Kxh7 34.fxg5 hxg5 35.Bxg5 Rd5
36.Qh5+ Kg8 37.Qg4 Kf8 38.Rf1 c4 39.Bf6 Bxf6 40.Rxf6 Rf5 41.Rxf5 Qxf5 42.Qxf5 exf5
43.Rd2 cxd3 44.Kg2 Re3 45.h4 Ke7 46.Kf2 f4 47.gxf4 Rh3 48.Kg2 Re3 49.Kf2  1/2-1/2

[Event "North Ural Cup"]
[Site "Krasnoturinsk RUS"]
[Date "2003.08.09"]
[Round "1"]
[White "Kovalevskaya,E"]
[Black "Kosintseva,N"]
[Result "1/2-1/2"]
[WhiteElo "2443"]
[BlackElo "2427"]

1.e4 c5 2.Nf3 Nc6 3.Bb5 g6 4.Bxc6 dxc6 5.d3 Bg7 6.h3 Nf6 7.Nc3 Nd7 8.O-O e5
9.Nh2 g5 10.Ne2 Nf8 11.Ng3 Ng6 12.Ng4 h5 13.Ne3 Nf4 14.Ngf5 Qf6 15.Kh2 Bd7
16.g3 Ng6 17.Qd2 Bf8 18.Nc4 Bxf5 19.exf5 Qxf5 20.Qxg5 Qe6 21.Re1 Bh6 22.Qf5 Qxf5
23.Nd6+ Kd7 24.Nxf5 Bxc1 25.Raxc1 Ke6 26.Ne3 f5 27.f4 exf4 28.Ng2+ Kf6 29.gxf4 Rae8
30.Kg3 Ne7 31.Kf3 Nd5 32.a3 Nc7 33.Rxe8 Rxe8 34.Re1 Ne6 35.c3 Rd8 36.Re3 Rg8
37.Re1 Rd8 38.Re3 Rg8 39.Re1 Rd8 40.Re3 Rg8 41.Re1  1/2-1/2

[Event "ch-SLO"]
[Site "Bled SLO"]
[Date "2003.08.10"]
[Round "9"]
[White "Mazi,L"]
[Black "Jelen,Ig"]
[Result "1/2-1/2"]
[WhiteElo "2402"]
[BlackElo "2372"]

1.e4 c5 2.Nf3 Nc6 3.Bb5 g6 4.O-O Bg7 5.Re1 Nf6 6.e5 Nd5 7.Nc3 Nc7 8.Bxc6 dxc6
9.d3 Bg4 10.h3 Bxf3 11.Qxf3 Ne6 12.Re4 Nd4 13.Qd1 O-O 14.Bf4 f5 15.exf6 exf6
16.Qd2 f5 17.Ree1 Qd7 18.Na4 b6 19.c3 Ne6 20.Be5 Rfe8 21.b3  1/2-1/2

[Event "FSIM August"]
[Site "Budapest HUN"]
[Date "2003.08.12"]
[Round "11"]
[White "Werner,Di"]
[Black "Paci,C"]
[Result "1-0"]
[WhiteElo "2376"]
[BlackElo "2258"]

1.e4 c5 2.Nf3 Nc6 3.Bb5 g6 4.O-O Bg7 5.Re1 Nf6 6.e5 Nd5 7.Nc3 Nc7 8.Bc4 O-O
9.d3 d5 10.exd6 exd6 11.Bg5 Qd7 12.a3 b6 13.Qd2 Bb7 14.Bh6 Na5 15.Bxg7 Kxg7
16.Qf4 Ne6 17.Qg3 Bxf3 18.Qxf3 Nd4 19.Qd1 Nxc4 20.dxc4 Rae8 21.Re3 Qf5 22.Rc1 Qg5
23.Nd5 Rxe3 24.fxe3 Nf5 25.Qf3 Re8 26.Rf1 Nxe3 27.h4 Qe5 28.Re1  1-0

[Event "North Ural Cup"]
[Site "Krasnoturinsk RUS"]
[Date "2003.08.12"]
[Round "4"]
[White "Skripchenko,A"]
[Black "Kosintseva,T"]
[Result "0-1"]
[WhiteElo "2489"]
[BlackElo "2450"]

1.e4 c5 2.Nf3 Nc6 3.Bb5 g6 4.O-O Bg7 5.c3 Nf6 6.Re1 O-O 7.h3 e5 8.d4 cxd4
9.cxd4 Nxd4 10.Nxd4 exd4 11.Qxd4 a6 12.Ba4 b5 13.Bb3 d6 14.Nc3 Bb7 15.Qb4 Re8
16.Bf4 Qb6 17.a4 Qc5 18.Bxd6 Qxb4 19.Bxb4 a5 20.Bd6 b4 21.Bd5 Nxd5 22.Nxd5 Bxd5
23.exd5 Red8 24.Be5 Rxd5 25.Bxg7 Kxg7 26.Rac1 Rad8 27.Rc7 R8d6 28.Ree7 Rd1+
29.Kh2 Rf6 30.Rc2 Rf5 31.Rec7 Rdd5 32.R7c6 g5 33.g4 Rf4 34.b3 Rf3 35.R6c5 Rxf2+
36.Kg3 Rfd2 37.Rxd5 Rxd5 38.Rc6 f6 39.Rc7+ Kg6 40.Rb7 h5 41.Rb5 h4+ 42.Kg2 Rd2+
43.Kg1 Rd3 44.Kg2 Rg3+ 45.Kh2 Rxb3 46.Rxa5 Rb2+ 47.Kg1 Ra2 48.Rb5 Rxa4 49.Rb7 Ra3
50.Kg2 Rg3+ 51.Kh2 b3 52.Rb6 Rc3 53.Kg2 Rc2+ 54.Kf3 Rh2  0-1

[Event "US Open"]
[Site "Los Angeles USA"]
[Date "2003.08.12"]
[Round "9"]
[White "Au,L"]
[Black "Mezentsev,V"]
[Result "0-1"]
[WhiteElo "2243"]
[BlackElo "2423"]

1.e4 c5 2.Nf3 Nc6 3.Bb5 g6 4.O-O Bg7 5.d3 e5 6.Bxc6 dxc6 7.Nbd2 Qe7 8.Nc4 f6
9.Be3 Nh6 10.a4 Nf7 11.Nfd2 O-O 12.f4 exf4 13.Bxf4 Be6 14.a5 Ne5 15.Nxe5 fxe5
16.Be3 Rfd8 17.b3 b6 18.axb6 axb6 19.Qb1 Ra7 20.Qb2 Rda8 21.Qc3 Bf7 22.b4 cxb4
23.Rxa7 Rxa7 24.Qxc6 Rc7 25.Qa8+ Qf8 26.Qa4 Qd6 27.Qa8+ Qf8 28.Qa4 b5 29.Qxb5 Rxc2
30.Nc4 Rc3 31.Nxe5 Qe8 32.Nd7 b3 33.Nf6+ Bxf6 34.Qxe8+ Bxe8 35.Rxf6 b2 36.Rf1 Rxd3
37.Bh6 Bf7 38.Rb1 Rb3 39.Bf4 Rb5 40.Bc1 bxc1=Q+ 41.Rxc1 Re5 42.h3 Rxe4 43.Rc2 Ra4
44.Rd2 Ra2 45.Rd7 Kg7 46.Kh2 Kf6 47.Kg3 h5 48.h4 Ra4  0-1

[Event "FSIM August"]
[Site "Budapest HUN"]
[Date "2003.08.14"]
[Round "13"]
[White "Werner,Di"]
[Black "Pirisi,G"]
[Result "1/2-1/2"]
[WhiteElo "2376"]
[BlackElo "2260"]

1.e4 c5 2.Nf3 Nc6 3.Bb5 g6 4.O-O Bg7 5.Re1 Nf6 6.e5 Nd5 7.Nc3 Nxc3 8.bxc3 O-O
9.Rb1 a6 10.Bf1 Qc7 11.Qe2 b5 12.a4 bxa4 13.Ra1 a5 14.Rxa4 Ba6 15.Qe4 Bb7
16.Qe2 Ba6 17.Qe4 Bb7  1/2-1/2

[Event "North Ural Cup"]
[Site "Krasnoturinsk RUS"]
[Date "2003.08.14"]
[Round "6"]
[White "Kovalevskaya,E"]
[Black "Kosintseva,T"]
[Result "1-0"]
[WhiteElo "2443"]
[BlackElo "2450"]

1.e4 c5 2.Nf3 Nc6 3.Bb5 g6 4.Bxc6 dxc6 5.d3 Bg7 6.h3 Nf6 7.Nc3 Nd7 8.O-O Nf8
9.Be3 Ne6 10.Nh2 Nd4 11.f4 O-O 12.Na4 b6 13.c3 Nb5 14.Nf3 Ba6 15.Rf2 Qc7
16.Qc2 Rad8 17.Rd1 c4 18.d4 f5 19.b3 e6 20.e5 Qe7 21.Nb2 cxb3 22.axb3 c5
23.dxc5 Rxd1+ 24.Nxd1 bxc5 25.c4 Nc7 26.Rd2 Bb7 27.Ne1 Na6 28.Rd6 g5 29.Qd2 gxf4
30.Bxf4 Nb8 31.Nf2 Rc8 32.Nc2 Qe8 33.Nd3 Nd7 34.Bh6 Nf8 35.Bxg7 Kxg7 36.Nf4 Be4
37.Ne3 Rb8 38.Qa5 Rxb3 39.Qxa7+ Rb7 40.Qxc5 Re7 41.Ra6 Nd7 42.Qd6 Kf7 43.Ra7 Nf8
44.Rxe7+ Qxe7 45.Qb6 Nd7 46.Qd4 Nc5 47.Nf1 Nb3 48.Qe3 Na5 49.Nd2 Bb7 50.Qb6 Nc6
51.Nf3 h6 52.Nxe6 Kxe6 53.Nd4+ Kxe5 54.Nxc6+ Bxc6 55.Qxc6 Qa7+ 56.c5 f4 57.Kh2 Qa3
58.Qd6+ Kf5 59.Qd5+ Kf6 60.Kg1 Qc1+ 61.Kf2 Qe3+ 62.Kf1 Qc1+ 63.Ke2 Qe3+ 64.Kd1 Qg1+
65.Kc2 Qf2+ 66.Kb3 Qe3+ 67.Kb4 Qe1+ 68.Kb5 Qe2+ 69.Kb6 Qe3 70.Qf3 Qd4 71.Qc6+ Kg5
72.Kc7 Qg7+ 73.Qd7 Qe5+ 74.Kc6 Qf6+ 75.Qd6 Qb2 76.Qd5+ Kg6 77.Kc7 Qg7+ 78.Qd7 Qc3
79.Qg4+ Kh7 80.Qf5+ Kg7 81.c6 Qb4 82.Qd7+ Kg8 83.Qd5+ Kg7 84.Kd7 Qa4 85.Ke6 Qa6
86.Qd4+ Kh7 87.Kd7 Qb5 88.Qxf4 Qd5+ 89.Ke7 Qc5+ 90.Qd6 Qg5+ 91.Kd7 Qf5+ 92.Qe6 Qb5
93.g4 Qd3+ 94.Ke8 Qa6 95.Qd7+ Kh8 96.c7 Qg6+ 97.Kd8 Qf6+ 98.Qe7 Qb6 99.Qe5+ Kh7
100.Kd7 Qb7 101.h4 Qa7 102.Qd5 Kg7 103.h5 Kh7 104.Qf7+ Kh8 105.Qf6+ Kg8 106.Qg6+  1-0

[Event "US Open"]
[Site "Los Angeles USA"]
[Date "2003.08.14"]
[Round "11"]
[White "Ganbold,O"]
[Black "Kerman,D"]
[Result "1-0"]
[WhiteElo "2417"]
[BlackElo "2212"]

1.e4 c5 2.Nf3 Nc6 3.Bb5 e6 4.Bxc6 bxc6 5.O-O d6 6.e5 d5 7.d3 Ne7 8.c4 Ng6
9.Nc3 Be7 10.Na4 O-O 11.b3 f6 12.Bb2 d4 13.Ba3 Nxe5 14.Nxe5 fxe5 15.Bxc5 e4
16.dxe4 e5 17.Qh5 Qc7 18.f4 exf4 19.Bxd4 g6 20.Qe5 Qxe5 21.Bxe5 g5 22.Bc7 Bb4
23.Rf2 Rf7 24.Be5 Bg4 25.Bc3 Bxc3 26.Nxc3 Rd8 27.e5 Re8 28.Re1 Kg7 29.h3 Bh5
30.g3 fxg3 31.Rxf7+ Bxf7 32.Kg2 Rd8 33.Re3 h5 34.Rxg3 Kg6 35.Ne4 Rd4 36.Nxg5 Rd2+
37.Kf1 Rxa2 38.h4 a5 39.Rf3 a4 40.Rf6+  1-0

[Event "19th Open"]
[Site "Faaker-See AUT"]
[Date "2003.08.16"]
[Round "9"]
[White "Manescu,T"]
[Black "Kreisl,R"]
[Result "1-0"]
[WhiteElo "2354"]
[BlackElo "2154"]

1.e4 c5 2.Nf3 Nc6 3.Bb5 g6 4.Bxc6 dxc6 5.h3 Bg7 6.O-O e5 7.d3 Ne7 8.Be3 b6
9.a4 a5 10.Nbd2 O-O 11.Nc4 Qc7 12.b4 axb4 13.a5 bxa5 14.Bxc5 Be6 15.Nfd2 f5
16.exf5 Bxc4 17.Nxc4 e4 18.Rxa5 Rxa5 19.Nxa5 Rxf5 20.Bxe7 Rxa5 21.Bxb4 Ra1
22.Qg4 Rxf1+ 23.Kxf1 exd3 24.Qe6+ Qf7 25.Qc8+ Bf8 26.cxd3  1-0

[Event "ADCF Masters"]
[Site "Abu Dhabi UAE"]
[Date "2003.08.17"]
[Round "2"]
[White "Kasparov,S"]
[Black "Gagunashvili,M"]
[Result "1/2-1/2"]
[WhiteElo "2482"]
[BlackElo "2577"]

1.e4 c5 2.Nf3 Nc6 3.Bb5 Nf6 4.Bxc6 dxc6 5.Nc3 Bg4 6.h3 Bxf3 7.Qxf3 e5 8.d3 Nd7
9.O-O Bd6 10.Qg3 Qf6 11.f4 exf4 12.Bxf4 Bxf4 13.Rxf4 Qd4+ 14.Qf2 Qxf2+ 15.Kxf2 Ke7
16.Nd1 Ne5 17.Ne3 Ke6 18.Ke2 f6 19.b3 Rhd8 20.Rf5 Rd7 21.Ng4 Rad8 22.Nxe5 fxe5
23.Raf1 b5 24.Rf8 a5 25.R1f7 Rxf8 26.Rxf8 Ra7 27.a4 c4 28.dxc4 bxa4 29.bxa4 Rb7
30.Ra8 Rb4 31.Rxa5 Rxc4 32.Kd3 Rd4+ 33.Ke3 Rc4 34.Ra7 g6 35.Kd3 Rd4+ 36.Ke3 Rc4
37.Rxh7 Rxc2 38.g4 Rc3+ 39.Kf2 Ra3 40.Rc7 Rxa4 41.Rxc6+ Kf7 42.Kg3 g5 43.Rc7+ Kf6
44.Rc6+ Kf7 45.Rc7+  1/2-1/2

[Event "Jezero Open"]
[Site "Belgrade YUG"]
[Date "2003.08.17"]
[Round "4"]
[White "Stamatovic,A"]
[Black "Miljkovic,Mir"]
[Result "0-1"]
[WhiteElo "2168"]
[BlackElo "2414"]

1.e4 c5 2.Nf3 Nc6 3.Bb5 g6 4.Bxc6 dxc6 5.d3 Bg7 6.Nc3 Nf6 7.Be3 b6 8.h3 O-O
9.Qd2 e5 10.Bh6 Qd6 11.g4 a5 12.a4 Bd7 13.Nh4 Rfd8 14.Qg5 Ne8 15.Nf5 gxf5
16.Bxg7 Nxg7 17.gxf5 Kh8 18.Rg1 Rg8 19.O-O-O Nxf5 20.Qh5 Qh6+ 21.Qxh6 Nxh6
22.Rgf1 Rg6 23.f4 exf4 24.Rxf4 Rag8 25.Rh4 f6 26.b3 Nf7 27.Ne2 Rg2 28.Re1 Rf2
29.Nf4 Ne5 30.Re3 Nf3 31.Rh6 Nd4  0-1

[Event "9th Open"]
[Site "Pilsen-Lobzy CZE"]
[Date "2003.08.17"]
[Round "2"]
[White "Klima,L"]
[Black "Hlavac,R"]
[Result "1-0"]
[WhiteElo "2425"]
[BlackElo "2150"]

1.e4 c5 2.Nf3 Nc6 3.Bb5 g6 4.O-O Bg7 5.Re1 Nf6 6.e5 Nd5 7.Nc3 Nc7 8.Bxc6 dxc6
9.Ne4 Ne6 10.d3 O-O 11.Be3 b6 12.Qd2 f5 13.exf6 exf6 14.Bh6 a5 15.Bxg7 Kxg7
16.Ng3 Ra7 17.h4 h5 18.Qc3 Re8 19.Re4 Rae7 20.Rae1 Nc7 21.a3 Be6 22.Nh2 Bd5
23.Rxe7+ Rxe7 24.Nhf1 Nb5 25.Qd2 Rxe1 26.Qxe1 c4 27.Ne3 Nd6 28.d4 Be6 29.Ne2 Nf5
30.Nf4 Bc8 31.Nxf5+ Bxf5 32.c3 Qd6 33.g3 Kf7 34.Qe2 b5 35.f3 Bd3 36.Qe3 b4
37.axb4 axb4 38.Kf2 bxc3 39.Nxd3 cxd3 40.bxc3 Qd5 41.Qxd3 Qa2+ 42.Qe2 Qb3
43.Qd2 Kg7 44.g4 hxg4 45.fxg4 Qe6 46.Kg3 Qd5 47.Qe3 Qd6+ 48.Qf4 Qe7 49.Kf2 Qf7
50.Qe4 Qa2+ 51.Kg3 Qc4 52.Qe7+ Kg8 53.Qxf6 Qxc3+ 54.Kf4 Qd2+ 55.Ke5 Qe3+
56.Kd6 Qa3+ 57.Ke6 Qb3+ 58.Ke7 Qb7+ 59.Kd6 Qb8+ 60.Kxc6 Qa8+ 61.Kb6 Qb8+
62.Kc5 Qc8+ 63.Kd5 Qc2 64.Kd6 Qd3 65.Ke7 Qa3+ 66.Qd6 Qd3 67.Qe6+ Kg7 68.Qf6+ Kg8
69.d5 Qa3+ 70.d6 Kh7 71.Ke8 Qa8+ 72.Qd8 Qd5 73.Qe7+ Kg8 74.Qf8+ Kh7 75.Qf7+  1-0

[Event "Jezero Open"]
[Site "Belgrade YUG"]
[Date "2003.08.18"]
[Round "5"]
[White "Starcevic,G"]
[Black "Raspopovic,S"]
[Result "0-1"]
[WhiteElo "2225"]
[BlackElo "2078"]

1.e4 c5 2.Nf3 Nc6 3.Bb5 g6 4.O-O Bg7 5.c3 a6 6.Ba4 b5 7.Bc2 d6 8.a4 Bb7 9.Na3 Nf6
10.Rb1 b4 11.Nc4 O-O 12.Ra1 a5 13.Ne3 e6 14.d3 Nd7 15.d4 cxd4 16.cxd4 Rc8
17.Bb3 e5 18.Nc4 Nb6 19.Bg5 Qc7 20.Rc1 Nxc4 21.Bxc4 exd4 22.Qd2 Qb6 23.Bd5 Ne5
24.Nxd4 Bxd5 25.exd5 Nc4 26.Rxc4 Rxc4 27.Nc6 Re8 28.Be3 Qc7 29.g3 h5 30.Rd1 h4
31.Nd4 h3 32.Nb5 Qd7 33.Qd3 Rce4 34.Rf1 Bxb2 35.Bf4 Re1 36.Nxd6 R8e7 37.Nc4 Bc3
38.Be3 Rxf1+ 39.Kxf1 Qxa4 40.d6 Qa1+ 41.Ke2 Rd7 42.Nb6 Rd8 43.d7 Qa2+ 44.Kf3 Qe6
45.Qa6 Qc6+ 46.Ke2 Rxd7  0-1

[Event "Open"]
[Site "Vienna AUT"]
[Date "2003.08.18"]
[Round "3"]
[White "Steiner,B"]
[Black "Hudec,M"]
[Result "1-0"]
[WhiteElo "2245"]
[BlackElo "2112"]

1.e4 c5 2.Nf3 Nc6 3.Bb5 Na5 4.d4 a6 5.Be2 cxd4 6.Nxd4 b5 7.O-O Bb7 8.e5 e6
9.f4 Nc6 10.Nxc6 Bxc6 11.Bf3 Bc5+ 12.Kh1 Ne7 13.Nc3 Nf5 14.Ne4 Be7 15.Qd3 h5
16.Be3 Qc7 17.Bf2 Rc8 18.Rfd1 Bd5 19.Rac1 Qc4 20.b3 Qxd3 21.cxd3 Rc6 22.Kg1 Ba3
23.Rxc6 dxc6 24.Kf1 Ke7 25.Ke2 g6 26.g3 a5 27.Rd2 Ra8 28.Rc2 a4 29.h3 axb3
30.axb3 Ra6 31.g4 hxg4 32.hxg4 Ng7 33.Nf6 Bxb3 34.Rxc6 Rxc6 35.Bxc6 Bc1 36.Kf3 Bd1+
37.Kg3 Ba4 38.Bc5+ Kd8 39.Bf8 Kc7 40.Be4 Nf5+ 41.gxf5 gxf5 42.Bd6+ Kb6 43.Nd7+ Ka5
44.Bc6 Bc2 45.Bc7+ Kb4 46.d4 Be3 47.d5 exd5 48.Bxd5 Bb3 49.Bd6+ Kc3 50.Bxb3 Kxb3
51.Kf3 Bg1 52.Bc5 Bxc5 53.Nxc5+ Kc4 54.Nb7 b4 55.Nd6+ Kc3 56.Nxf5 b3 57.Ne3 Kd3
58.Nd1 Kd4 59.Kg4 Ke4 60.Nb2 Kd4 61.Na4 Kc4 62.f5 Kb4 63.e6 fxe6 64.fxe6 Kxa4
65.e7 b2 66.e8=Q+ Kb3 67.Qe4 Ka2 68.Qa4+ Kb1 69.Kf3 Kc1 70.Qc4+ Kb1 71.Ke3 Ka1
72.Qa4+ Kb1 73.Kd3  1-0

[Event "Open"]
[Site "Vienna AUT"]
[Date "2003.08.18"]
[Round "3"]
[White "Padjen,Z"]
[Black "Bensch,P"]
[Result "0-1"]
[WhiteElo "2139"]
[BlackElo "2302"]

1.e4 c5 2.Nf3 Nc6 3.Bb5 g6 4.O-O Bg7 5.Re1 Nf6 6.e5 Nd5 7.Nc3 Nc7 8.Bxc6 dxc6
9.Ne4 b6 10.Nf6+ Kf8 11.Ne4 Bg4 12.Nc3 Ne6 13.h3 Bxf3 14.Qxf3 Nd4 15.Qe4 Qd7
16.Ne2 Ne6 17.d3 Rd8 18.a4 h5 19.Nf4 Bh6 20.Nxe6+ Qxe6 21.Bxh6+ Rxh6 22.a5 Kg7
23.axb6 axb6 24.Ra6 Rd4 25.Qe3 Rb4 26.b3 h4 27.Ra7 Rh5 28.Rc7 Rf5 29.c4 Rxb3
30.Qe4 Rg5 31.Qxh4 Rxe5 32.Rxe5 Qxe5 33.Qg3 Qxg3 34.fxg3 Rxd3 35.Rxe7 b5
36.Rc7 bxc4 37.Rxc6 Rd5  0-1

[Event "9th Open"]
[Site "Pilsen-Lobzy CZE"]
[Date "2003.08.19"]
[Round "4"]
[White "Maurer,J"]
[Black "Hlavac,R"]
[Result "1-0"]
[WhiteElo "2186"]
[BlackElo "2150"]

1.e4 c5 2.Nf3 Nc6 3.Bb5 g6 4.Bxc6 dxc6 5.d3 Bg7 6.h3 e5 7.Be3 Qe7 8.Qd2 b6
9.Nc3 Nf6 10.Bh6 O-O 11.O-O-O b5 12.Bxg7 Kxg7 13.Nh2 a5 14.f4 exf4 15.Ne2 Nh5
16.Nxf4 Nxf4 17.Qxf4 Be6 18.Ng4 Bxa2 19.e5 g5 20.Qe3 Bd5 21.Nf6 Kh8 22.h4 Rg8
23.hxg5 Rg7 24.Qh3  1-0

[Event "Open"]
[Site "Vienna AUT"]
[Date "2003.08.19"]
[Round "4"]
[White "Kindermann,S"]
[Black "Ganaus,H"]
[Result "1-0"]
[WhiteElo "2538"]
[BlackElo "2348"]

1.e4 c5 2.Nf3 Nc6 3.Bb5 g6 4.Bxc6 dxc6 5.d3 Bg7 6.h3 Nf6 7.Nc3 Nd7 8.Be3 e5
9.Qd2 Qe7 10.Bh6 Qf8 11.Bxg7 Qxg7 12.a3 O-O 13.b4 b6 14.O-O Re8 15.Qe3 Bb7
16.Nd2 f5 17.Nc4 Re6 18.b5 f4 19.Qf3 g5 20.a4 Rf8 21.a5 Qg6 22.axb6 axb6
23.Ra7 Rb8 24.bxc6 Bxc6 25.Nd5 h5 26.g4 b5 27.gxh5 Qh6 28.Na5 Bxd5 29.exd5 Rd6
30.Nc6 Re8 31.Rfa1 e4 32.dxe4 Rxc6 33.Rxd7  1-0

[Event "ADCF Masters"]
[Site "Abu Dhabi UAE"]
[Date "2003.08.20"]
[Round "5"]
[White "Hasangatin,R"]
[Black "Harikrishna,P"]
[Result "0-1"]
[WhiteElo "2515"]
[BlackElo "2558"]

1.e4 c5 2.Nf3 Nc6 3.Bb5 d6 4.d4 cxd4 5.Qxd4 Bd7 6.Bxc6 Bxc6 7.c4 Nf6 8.Nc3 g6
9.O-O Bg7 10.Qd3 O-O 11.Nd4 Nd7 12.Be3 Rc8 13.Qd2 Re8 14.f3 a6 15.Rac1 Qa5
16.Rfd1 b5 17.cxb5 axb5 18.Ncxb5 Qxd2 19.Rxd2 Bb7 20.Rdc2 Rb8 21.Nc7 Red8
22.b4 Ne5 23.a3 e6 24.Nb3 d5 25.Ba7 Rbc8 26.Na5 Ba8 27.exd5 exd5 28.Nxa8 Rxa8
29.Bb6 Re8 30.Rd1 Nc4 31.Nxc4 dxc4 32.Rxc4 Rxa3 33.Rdc1 Raa8 34.Re4 Rec8
35.Rxc8+ Rxc8 36.Bc5 f5 37.Re1 Bc3 38.Rb1 Kf7 39.Rb3 Be5 40.g3 f4 41.g4 Ke6
42.Rd3 Ra8 43.b5 Ra5 44.Rb3 Kd5 45.Bf2 Ra1+  0-1

[Event "Open"]
[Site "Vienna AUT"]
[Date "2003.08.20"]
[Round "5"]
[White "Schmid,T AUT"]
[Black "Neihs,H"]
[Result "1/2-1/2"]
[WhiteElo "1974"]
[BlackElo "2150"]

1.e4 c5 2.Nf3 Nc6 3.Bb5 g6 4.Bxc6 dxc6 5.d3 Bg7 6.h3 b6 7.Nc3 e5 8.Be3 f6
9.Qd2 Be6 10.Ne2 Qd7 11.Nh2 g5 12.Nf1 Ne7 13.h4 h6 14.a3 Ng6 15.hxg5 hxg5
16.Rxh8+ Bxh8 17.g3 g4 18.b4 c4 19.dxc4 Bxc4 20.Qxd7+ Kxd7 21.Nd2 Be6 22.O-O-O Bg7
23.Rh1 Rh8 24.Rxh8 Bxh8 25.a4 Bg7 26.a5 Kc7 27.axb6+ axb6 28.c3 Nh8 29.Kc2 Nf7
30.Kd3 Bh6 31.Bxh6 Nxh6 32.Nc4 Nf7 33.Nc1 Ng5 34.Ne3 Kd6 35.c4 Kc7 36.Nb3 Kb7
37.Nd2 Ka6 38.Ke2 Kb7  1/2-1/2

[Event "Independence Cup"]
[Site "Kyiv UKR"]
[Date "2003.08.22"]
[Round "10"]
[White "Miljutin,O"]
[Black "Lineykin,D"]
[Result "1/2-1/2"]
[WhiteElo "2195"]
[BlackElo "2136"]

1.e4 c5 2.Nf3 Nc6 3.Bb5 Nf6 4.Qe2 g6 5.c3 Bg7 6.d4 cxd4 7.cxd4 O-O 8.d5 Nb8
9.Nc3 d6 10.h3 Nbd7 11.Be3 a6 12.Bd3 Ne5 13.O-O Nxf3+ 14.Qxf3 Nd7 15.Qg3 b5
16.Rfc1 Nc5 17.Bc2 Bd7 18.f4 b4 19.Nd1 Rc8 20.Qf2 Bb5 21.Bd4 Bxd4 22.Qxd4 a5
23.Ne3 e5 24.fxe5 dxe5 25.Qxe5 Re8 26.Qf4 Bd3 27.Ng4 Qb6 28.Nf6+ Kg7 29.Nxe8+ Rxe8
30.Qf2 Qb5 31.Qd4+ Kg8 32.Bxd3 Nxd3 33.Rc2 Ne5 34.Rac1 Qd7 35.Kh1 Kg7 36.Rc7 Qb5
37.Rc8 Rxc8 38.Qxe5+ f6 39.Qe7+ Kh6 40.Re1 Qb6 41.Rf1 Rc2 42.d6 Rd2 43.Qxf6 Qxd6
44.e5 Qxf6 45.exf6 Rd8 46.Kh2 g5 47.Rf5 Kg6 48.Rxa5 Rd2 49.b3 Kxf6 50.Kg3 h5
51.Kf3 Rc2 52.Ra4 Ke5 53.Rxb4 Rxa2 54.h4 g4+ 55.Kg3 Kf5 56.Rb5+ Kg6 57.b4 Rb2
58.Rb8 Kf5 59.b5 Rb3+ 60.Kh2 Kf4 61.b6 Rb1 62.g3+ Kf3 63.Rf8+ Ke3  1/2-1/2